000 00671cam a22002293a 4500
001 29434
003 PGUSA
005 20140828083633.0
008 090717s2009||||xxu|||||s|||||000 | eng d
040 _aPGUSA
_beng
042 _adc
100 1 _aJosephus, Flavius,
_d37-
245 1 4 _aThe Project Gutenberg Works Of Flavius Josephus :
_bAn Index
_h[electronic resource] /
_cFlavius Josephus
260 _bProject Gutenberg,
_c2009
506 _aPublic domain in the USA.
516 _aElectronic text
653 _aIndexes
700 1 _aWidger, David,
_d1932-
830 0 _aProject Gutenberg
_v29434
856 4 0 _uhttp://www.gutenberg.org/ebooks/29434
942 _cEB
999 _c258689
_d258689